00438nam a2200169Ia 4500008004100000020001800041245003900059245005500098260001500153260001600168260000900184300001400193300002500207300001000232500000700242999001900249170705s9999 xx 000 0 und d a9780439640213 aK is for kissing a cool kangaroo / cby Giles Andreae ; illustrated by Guy Parker-Rees. aNew York : bScholastic, c2002 aunpaged : bcolor illustration ; c28cm. aBR c337321d337321